MDQL
is popping MORE tags! Check the
thread
!
Quizzes
Events
Quiz Creation
Community
Videos
Private Events
Remove Ads
Sign In
Join for FREE
Feedback
Dark Mode
Quiz Categories
Sports
Geography
Music
Movies
Television
Just For Fun
Miscellaneous
History
Literature
Language
Science
Gaming
Entertainment
Religion
Holiday
For Kids
Quiz Lab
Recent
Popular Today
Quiz Kudos Today
Editor Picks
Curator Picks
Quizzes by...
Day
Popularity
Type
Ratings
Length
Year
Community
Subscriptions
Recent Discussions
Orange Saloon
Badges
Playlists
Quests
Create
Leaderboards
Showdown
Live 5
Trivia Bingo
Activity
Puzzle Library
Sporcle Events
Private Events
Virtual Trivia
Globe League
Become a Host
Pub Owners
SporcleCon
Opinionation
Our Games
Videos
Blog
Mobile Apps
Partnerships
Remove Ads and Go Orange
Feedback
Literature
Harry Potter
A Song of Ice and Fire
The Hunger Games
Literary Character
Shakespeare
Book
Author
Novel
Poem
Young Adult
Children's Books
Play
Lord of the Rings
Literature
Harry Potter
A Song of Ice and Fire
The Hunger Games
Literary Character
Shakespeare
Book
Author
Novel
Poem
Young Adult
Children's Books
Play
Lord of the Rings
Random Quiz
Search Sporcle
×
Quiz Lab
Quiz Lab
Literature
Story
Type in answers that appear in a list
Type in answers that appear in a list
Classic
Best Score? Go Orange.
Short Stories in 'Dubliners' Stats
Can you name the short stories in the collection Dubliners by James Joyce?
By
NorwegianSalmon
4m
15 Questions
287 Plays
287 Plays
287 Plays
Comments
Comments
Give Quiz Kudos
Give Quiz Kudos
-
- Ratings
hide this ad
Replay
Link that replays current quiz
Next Quiz
Link to next quiz in quiz playlist
You Got
0%
They Got
Avg Score
61%
Avg Friend Score
Upgrade to see
Score Distribution
Jump to the score distribution portion of the page
Score
0/15
Timer
04:00
0
Plays Today
Summary
Short Story
% Correct
Gabriel Conroy attends a party, and later, as he speaks with his wife, has an epiphany about the nature of life and death.
The Dead
94.1%
A boy falls in love with the sister of his friend, but fails in his quest to buy her a worthy gift from the Araby bazaar.
Araby
90.2%
After the priest Father Flynn dies, a young boy who was close to him and his family deal with it only superficially.
The Sisters
74.8%
Two schoolboys playing truant encounter an elderly man.
An Encounter
72.7%
Two con men, Lenehan and Corley, find a maid who is willing to steal from her employer.
Two Gallants
71.3%
A young woman abandons her plans to leave Ireland with a sailor.
Eveline
69.9%
Minor Irish politicians fail to live up to the memory of Charles Stewart Parnell.
Ivy Day in the Committee Room
57.7%
Little Chandler's dinner with his old friend Ignatius Gallaher casts fresh light on his own failed literary dreams.
A Little Cloud
54.2%
Summary
Short Story
% Correct
College student Jimmy Doyle tries to fit in with his wealthy friends.
After the Race
53.8%
The old maid Maria, a laundress, celebrates Halloween with her former foster child Joe Donnelly and his family.
Clay
53.8%
After Mr. Kernan injures himself falling down the stairs in a bar, his friends try to reform him through Catholicism.
Grace
53.5%
Mrs. Mooney successfully manoeuvres her daughter Polly into an upwardly mobile marriage with her lodger Mr. Doran.
The Boarding House
48.6%
Mrs. Kearney tries to win a place of pride for her daughter, Kathleen, in the Irish cultural movement, by starring her in a series of concerts, but ultimately fails.
A Mother
47.9%
Mr. Duffy rebuffs Mrs. Sinico, then four years later realizes he has condemned her to loneliness and death.
A Painful Case
46.9%
Farrington, a lumbering alcoholic Irish scrivener, takes out his frustration in pubs and on his son Tom.
Counterparts
39.9%
Quiz Playlist
Details
Report
Send in Message
Add To Playlist
Classic:
Type in answers that appear in a list
Quiz Source
Last Updated: Feb 16, 2017
Quiz Scoreboard
CHALLENGE
Sign Up to Join the Scoreboard
Show All
Scores
Hide
Comments
May contain spoilers
Recently Published
1-10 Letter E Words III
by El_Dandy
Language
2m
Street Fighter Characters
by Artimus82
Gaming
60s
College Basketball Coaching Resumes
by pancakes188
Sports
9m
More to Explore
Quiz From the Vault
Featured Blog Post
Where Did the Easter Bunny Come From?
hide this ad
You Might Also Like...
Tags
collection
dublin
irish
James Joyce
Joyce
same
short
Short Story
Story
Summary
Today's Top Quizzes in Literature
Browse Literature
hide this ad
Today's Top Quizzes in Story
Browse Story
Top Contributed Quizzes in Literature
1
Sneaky Slytherin Logic Puzzle
2
Get The Picture: Black or White Literature
3
5-to-1: Plays
4
One Thing in Common: Literature
5
A Court of Thorns and Roses (ACoTaR) Logic Puzzle
6
One Thing in Common: Literature II
7
One Thing in Common: Books
8
One Thing in Common: Literature 3
9
'Middle' Earth
10
One Thing in Common: Books II
Explore More
Trending Topics
Anime
Kpop
Marvel
Crossword
Harry Potter
Disney
NBA
Country
The Office
Song
Soccer
Pokémon
Puzzle
WWE
NFL
hide this ad
More By:
NorwegianSalmon
Quiz
Plays
Rating
Category
Featured
Created
Find That Country: Hot or Cold VII
207,191
4.35
Geography
Nov 15, 2010
Two Border 'Risk'
7,298
4.61
Gaming
Oct 12, 2010
Number of Borders by Continent
4,594
4.56
Geography
Oct 29, 2010
History's 100 Greatest Generals *clickable*
4,344
4.41
History
Feb 9, 2013
Straight Line from Italy
3,355
4.60
Geography
Nov 14, 2010
Go to Creator's Profile
Score Distribution
Quiz Creator Spotlight
NorwegianSalmon
Follow
Send a Message
Quizzes Created
-
Created Quiz Play Count
-
More By This Creator
Popular Quizzes Today
1
Find the US States - No Outlines Minefield
2
Find the Countries of Europe - No Outlines Minefield
3
The Countries of the World
4
Find the US States
5
Risky Map Clicking: Biggest States A-Z
6
US States
7
Popular People in 1961
8
Movies - When Are They Set?
More Literature Quizzes
Penguin Classics Book Covers
Published
Trending Quizzes
Risky Map Clicking: Least Populous States A-Z
1-10 Letter G Words
USA Borders Longest to Shortest
1-10 Letter F Words
Countries of the World: 200 Million BC
Recently Updated
Leaping Animals
pecheneg
Reality TV Shows (A-Z)
bhenderson79
Rickey Henderson's Hall of Fame Teammates
pecheneg
Champions League XIs: Arsenal
pecheneg
Quick Pick: Celebrities in WWE's Hall of Fame
aduchscher
A-Z Keypad Blitz II
pecheneg
Multiple Oscar Actors
pecheneg
Mystery Phrase Blitz: Oscar 'Best Actors'
pecheneg
F. Scott Fitzgerald Novels
LTH
Pick 3 Villains
ddd62291
Trending Topics
Marvel
Crossword
Kpop
Anime
Harry Potter
NBA
Disney
WWE
The Office
Country
Pokémon
Puzzle
Soccer
NFL
Song
Your Account Isn't Verified!
In order to create a playlist on Sporcle, you need to verify the email address you used during registration. Go to your
Sporcle Settings
to finish the process.
Report this User
Report this user for behavior that violates our
Community Guidelines
.
Details:
Send Report
Go to the Sporcle.com Mobile Site →
Comments